MESTSKÁ KNIŽNICA GIRALTOVCE  - online katalóg 

Miniatúry (Record no. 15185)

000 -NÁVESTIE
fixed length control field 00858nam a2200265 a 4500
008 - ÚDAJE S PEVNOU DĹŽKOU – VŠEOBECNÉ INFORMÁCIE
fixed length control field 960514s1987||||[C 0 slo c
020 ## - MEDZINÁRODNÉ ŠTANDARDNÉ ČÍSLO KNIHY (ISBN)
Údaje o dostupnosti 9 Kčs.
Qualifying information (5 000 výtl.)
040 ## - ZDROJ KATALOGIZÁCIE
Pôvodná katalogizujúca agentúra SNK
Jazyk katalogizácie slo
Prepisujúca agentúra SNK
Konvencie popisu AACR2
041 1# - KÓD JAZYKA
Kód jazyka textu/zvukovej stopy alebo samostatných nápisov slo
044 ## - KÓD KRAJINY VYDAVATEĽA/PRODUCENTA
Kód krajiny MARC xo
Kód krajiny ISO SK
080 ## - ČÍSLO MEDZINÁRODNÉHO DESATINNÉHO TRIEDENIA (MDT)
Číslo Medzinárodného desatinného triedenia (MDT) 786.8.083.6.087.5
100 1# - OSOBNÉ MENÁ – VŠEOBECNÉ INFORMÁCIE
Osobné meno Hochel
Kód roly aut
245 10 - NÁZOV
Názov Miniatúry
Médium Hudobnina
Zvyšok názvu Akordeón
Údaj o zodpovednosti atď. Hochel, Várady ; Stanislav Hochel, E. Várady, Alena Wagnerová
250 ## - ÚDAJ O PORADÍ VYDANIA
Údaj o poradí vydania 1., vyd.
260 ## - VYDAVATEĽSKÉ ÚDAJE, DISTRIBÚCIA ATĎ.
Miesto publikovania, distribúcie atď. Bratislava
Názov vydavateľa, distibútora atď. Opus [vyd.]
Dátum publikovania, distribúcie atď. 1987
Miesto výroby Partizánske
Výrobca Západoslovenské tlačiarne
300 ## - FYZICKÝ POPIS
Rozsah 34 s.
Rozmery 30 cm
500 ## - VŠEOBECNÁ POZNÁMKA
Formátovaná poznámka o obsahu Hudobnina. Obsahuje 6 skladieb S. Hochela a 18 skladieb E. Váradyho.
500 ## - VŠEOBECNÁ POZNÁMKA
Formátovaná poznámka o obsahu Ob. Alena Wagnerová.
700 1# - PRIDANÝ VSTUP – OSOBNÉ MENO
Osobné meno Várady
Kód roly aut
700 1# - PRIDANÝ VSTUP – OSOBNÉ MENO
Osobné meno Hochel, Stanislav
Kód roly aut
700 1# - PRIDANÝ VSTUP – OSOBNÉ MENO
Osobné meno Várady, E.
Kód roly aut
700 1# - PRIDANÝ VSTUP – OSOBNÉ MENO
Osobné meno Wagnerová, Alena
Kód roly oth
924 ## -
-- harmonika
958 ## - Formálny deskriptor
Formálny deskriptor H
Holdings
Stav stiahnutia (Blokovanie) (Withrawn status) Stav straty Stav poškodenia (Damaged status) Nie pre výpožičky (Not for loan) Spôsob nadobudnutia (Collection code) Trvalé umiestnenie Aktuálne umiestnenie Dátum nadobudnutia Náklady, bežná kúpna cena Inventárne číslo (prírastkové číslo) Full call number Dátum posledného výskytu Cena s účinnosťou od Typ jednotky Koha
        Kúpa Mestská knižnica Giraltovce Mestská knižnica Giraltovce 2019-11-29 9.00 14221 I 0281 2019-11-29 2019-11-29 Odborná literatúra pre dospelých

Powered by Koha